Geografia - 5. ročník opakovanie - Statistics

General Stats
  • This quiz has been taken 16 times
  • The average score is 11 of 20
Answer Stats
Otázka Odpoveď % Correct
Ako nazývame teóriou ktorá hovorí, že Slnko je stredom vesmíru? Heliocentrizmus
100%
Ako dlho trvá našej planéte kým sa otočí okolo svojej osi? 1 deň
50%
Poznáme kontinenty Severná a Južná .... Amerika
50%
Ktorý zo svetadielov na Zemi leží najjužnejšie? Antarktída
50%
Ktorý z oceánov leží medzi Európou a Amerikou? Atlantický
50%
Na ktorom svetadiely žijeme my? Európa
50%
Ktoré teleso pomenúva reálny tvar Zeme - guľu ktorá je na póloch mierne sploštená? Geoid
50%
Ktorý z oceánov je najteplejší? Indický
50%
Ak je na severnej pologuli zima, aké ročné obdobie je na južnej pologuli? Leto
50%
Kto je autorom tejto teórie? Mikuláš Koperník
50%
Obdobie kedy na južnom póle Slnko nevychádza niekoľko mesiacov nazývame polárna ... Noc
50%
Ako sa nazýva najdôležitejší poludník od ktorého sa počíta čas na Zemi? Nultý
50%
Myslená čiara ktorá spája severný a južný pól Zeme sa nazýva zemská.... Os
50%
Ako sa volal obrovský superkontinent, ktorý pred miliónmi rokov existoval na našej Zemi Pangea
50%
Ako nazývame rok, ktorý trvá o jeden deň dlhšie Priestupný
50%
Doplňte: Striedanie ročných období spôsobuje .... pohyb Zeme Rotačný
50%
Obdobie kedy je na severnej pologuli najkratší deň voláme zimný .... Slnovrat
50%
Ako nazývame čas, ktorý sa používa u nás? Stredoeurópsky
50%
Ktorý oceán na Zemi je najväčší? Tichý
50%
Čo tvorí 71 % povrchu planéty Zem? Voda
50%
No matching quizzes found
Score Distribution
Percent of People with Each Score
Percentile by Number Answered
Your Score History
You have not taken this quiz